<?xml version="1.0" encoding="UTF-8"?>
<record
    xmlns:xsi="http://www.w3.org/2001/XMLSchema-instance"
    xsi:schemaLocation="http://www.loc.gov/MARC21/slim http://www.loc.gov/standards/marcxml/schema/MARC21slim.xsd"
    xmlns="http://www.loc.gov/MARC21/slim">

  <leader>00423nam a22001817a 4500</leader>
  <controlfield tag="003">OSt</controlfield>
  <controlfield tag="005">20231123060507.0</controlfield>
  <controlfield tag="008">180521b        xxu||||| |||| 00| 0 eng d</controlfield>
  <datafield tag="020" ind1=" " ind2=" ">
    <subfield code="a">9789327225945</subfield>
  </datafield>
  <datafield tag="040" ind1=" " ind2=" ">
    <subfield code="c">IIMT UNIVERSITY MEERUT</subfield>
  </datafield>
  <datafield tag="100" ind1=" " ind2=" ">
    <subfield code="a">REDDY SR</subfield>
  </datafield>
  <datafield tag="245" ind1=" " ind2=" ">
    <subfield code="a">AGROMETEOROLOGY</subfield>
  </datafield>
  <datafield tag="250" ind1=" " ind2=" ">
    <subfield code="a"> 2ED</subfield>
  </datafield>
  <datafield tag="260" ind1=" " ind2=" ">
    <subfield code="a">NEW DELHI</subfield>
    <subfield code="b">KALYANI</subfield>
    <subfield code="c">2016   </subfield>
  </datafield>
  <datafield tag="300" ind1=" " ind2=" ">
    <subfield code="b">382</subfield>
  </datafield>
  <datafield tag="856" ind1=" " ind2=" ">
    <subfield code="3">PAPERBACK</subfield>
  </datafield>
  <datafield tag="942" ind1=" " ind2=" ">
    <subfield code="2">ddc</subfield>
    <subfield code="c">01</subfield>
    <subfield code="m">630.251</subfield>
  </datafield>
  <datafield tag="999" ind1=" " ind2=" ">
    <subfield code="c">44206</subfield>
    <subfield code="d">44206</subfield>
  </datafield>
  <datafield tag="952" ind1=" " ind2=" ">
    <subfield code="0">0</subfield>
    <subfield code="1">0</subfield>
    <subfield code="2">ddc</subfield>
    <subfield code="4">0</subfield>
    <subfield code="7">0</subfield>
    <subfield code="a">01</subfield>
    <subfield code="b">01</subfield>
    <subfield code="d">2018-05-21</subfield>
    <subfield code="e">BANSAL</subfield>
    <subfield code="g">325.00</subfield>
    <subfield code="i">6294 /8/5/2018</subfield>
    <subfield code="l">3</subfield>
    <subfield code="o">630.251</subfield>
    <subfield code="p">01-B-126455</subfield>
    <subfield code="r">2023-07-04</subfield>
    <subfield code="s">2023-03-29</subfield>
    <subfield code="u">AGRICULTURE</subfield>
    <subfield code="v">325.00</subfield>
    <subfield code="w">2018-05-21</subfield>
    <subfield code="y">06</subfield>
  </datafield>
</record>
